000 01348nam a2200217 a 4500
008 190806s1999 ||||||||||||||||| || u
020 _a9780070702455
050 _aTL 671.4 And
100 _aAnderson, John D
245 1 0 _aAircraft performance and design
_cBy John D. Anderson
260 _aChennai
_bMcGraw-Hill Education
_c1999
260 _aChennai
_bMcGraw Hill Education (India) Private Limited
_c1999
300 _axvi, 580 pages : illustrations
650 0 _aAIRPLANES--DESIGN AND CONSTRUCTION
650 0 _aAIRPLANES--PERFORMANCE
995 _aMAIN LIBRARY OPEN ACCESS
_D43.48
_e749501
_FCBU-MAIN LIBRARY (Kitwe)
_jTL 671.4 And
_M1
_UAVAILABLE
_WAug 7, 2019
_y749501
_ZMain Library Open Access Collection
995 _aMAIN LIBRARY OPEN ACCESS
_D43.48
_e749502
_FCBU-MAIN LIBRARY (Kitwe)
_jTL 671.4 And
_M4
_UAVAILABLE
_WAug 7, 2019
_y749502
_ZMain Library Open Access Collection
995 _aMAIN LIBRARY OPEN ACCESS
_D43.48
_e749500
_FCBU-MAIN LIBRARY (Kitwe)
_jTL 671.4 And
_M3
_UAVAILABLE
_WAug 7, 2019
_y749500
_ZMain Library Open Access Collection
995 _aMAIN LIBRARY OPEN ACCESS
_D43.48
_e749499
_FCBU-MAIN LIBRARY (Kitwe)
_jTL 671.4 And
_M2
_UAVAILABLE
_WAug 7, 2019
_y749499
_ZMain Library Open Access Collection
995 _aSHORT LOAN BOOKS
_e750083
_FCBU-MAIN LIBRARY (Kitwe)
_jTL 671.4 And
_M5
_UAVAILABLE
_WNov 27, 2019
_y750083
_ZShort Loan Collection
999 _c83875
_d83875